[Event "Budapest Vezerkepzo IM-B 04"]
[Site "Budapest"]
[Date "2023.04.19"]
[Round "7"]
[White "Adithya, A Chullikkad"]
[Black "Otawa, Yuto"]
[Result "1-0"]
[WhiteElo "2259"]
[BlackElo "2141"]
[PlyCount "65"]
[EventDate "2023.04.13"]
[EventType "tourn"]
[EventRounds "9"]
[EventCountry "HUN"]
[SourceTitle "CBM 213 Extra"]
[Source "ChessBase"]
[SourceDate "2023.05.31"]
[SourceVersion "1"]
[SourceVersionDate "2023.05.31"]
[SourceQuality "1"]

1. e4 e5 2. Nf3 Nc6 3. Bc4 Bc5 4. d3 Nf6 5. Bg5 d6 6. c3 h6 7. Bh4 g5 8. Bg3 a6 9. Nbd2 Qe7 10. b4 Ba7 11. a4 Nd8 12. Qb3 Be6 13. a5 c6 14. Qa4 Nh5 15. 0-0-0 Nxg3 16. fxg3 0-0 17. g4 d5 18. Bb3 f6 19. h4 Kg7 20. Nf1 Nf7 21. Ng3 Rfd8 22. Rdf1 Bxg4 23. Nh2 Qe6 24. hxg5 Be3+ 25. Kb1 Bxg5 26. Nxg4 Qxg4 27. Nh5+ Kg6 28. Qa2 Nd6 29. Qf2 f5 30. Rd1 Nxe4 31. dxe4 Qxe4+ 32. Bc2 Be3 33. Qg3+ 1-0

[Event "Budapest Vezerkepzo IM-B 04"]
[Site "Budapest"]
[Date "2023.04.17"]
[Round "5"]
[White "Otawa, Yuto"]
[Black "Meszaros, Andras"]
[Result "1-0"]
[WhiteElo "2141"]
[BlackElo "2129"]
[PlyCount "79"]
[EventDate "2023.04.13"]
[EventType "tourn"]
[EventRounds "9"]
[EventCountry "HUN"]
[SourceTitle "CBM 213 Extra"]
[Source "ChessBase"]
[SourceDate "2023.05.31"]
[SourceVersion "1"]
[SourceVersionDate "2023.05.31"]
[SourceQuality "1"]

1. d4 Nf6 2. c4 c5 3. d5 d6 4. Nc3 g6 5. e4 Bg7 6. Bd3 Qa5 7. Nge2 0-0 8. 0-0 Nbd7 9. Ng3 a6 10. Bd2 Rb8 11. a4 Qc7 12. f4 e6 13. Qf3 exd5 14. exd5 b6 15. h3 Bb7 16. Nge2 Rfe8 17. g4 Ba8 18. Ng3 h6 19. h4 b5 20. axb5 axb5 21. Rxa8 Rxa8 22. Nxb5 Qb6 23. Bc3 Re7 24. g5 hxg5 25. hxg5 Nh7 26. Bxg7 Kxg7 27. Ne4 Rae8 28. Nexd6 Rh8 29. Qg3 Qa5 30. f5 Re5 31. Nxf7 Kxf7 32. fxg6+ Ke8 33. gxh7 Qd2 34. Nd6+ Ke7 35. Nf5+ Kd8 36. g6 Rhe8 37. g7 Rxf5 38. Bxf5 Qd4+ 39. Rf2 Qd1+ 40. Kg2 1-0

[Event "Budapest FS04 IM"]
[Site "Budapest"]
[Date "2023.04.05"]
[Round "5"]
[White "Otawa, Yuto"]
[Black "Ilincic, Zlatko"]
[Result "1/2-1/2"]
[WhiteElo "2141"]
[BlackElo "2318"]
[PlyCount "60"]
[EventDate "2023.04.01"]
[EventType "tourn"]
[EventRounds "11"]
[EventCountry "HUN"]
[SourceTitle "CBM 213 Extra"]
[Source "ChessBase"]
[SourceDate "2023.05.31"]
[SourceVersion "1"]
[SourceVersionDate "2023.05.31"]
[SourceQuality "1"]

1. d4 Nf6 2. c4 e6 3. Nc3 Bb4 4. Qc2 d6 5. Bg5 h6 6. Bh4 Nbd7 7. e3 Bxc3+ 8. Qxc3 b6 9. f3 c5 10. dxc5 bxc5 11. Bd3 Qb6 12. Ne2 0-0 13. 0-0 d5 14. Rac1 Ba6 15. b3 dxc4 16. bxc4 Qb4 17. Be1 Qxc3 18. Bxc3 Nd5 19. cxd5 Bxd3 20. dxe6 Bxe2 21. Rf2 Bb5 22. exd7 Bxd7 23. Be5 Rfc8 24. Rfc2 Be6 25. Rxc5 Rxc5 26. Rxc5 Bxa2 27. Bc3 Be6 28. Kf2 Rc8 29. Rxc8+ Bxc8 30. h4 h5 1/2-1/2

[Event "Budapest Vezerkepzo IM 03"]
[Site "Budapest"]
[Date "2023.03.24"]
[Round "10"]
[White "Neverov, Valeriy"]
[Black "Otawa, Yuto"]
[Result "1-0"]
[WhiteElo "2414"]
[BlackElo "2160"]
[PlyCount "65"]
[EventDate "2023.03.16"]
[EventType "swiss"]
[EventRounds "10"]
[EventCountry "HUN"]
[SourceTitle "CBM 213 Extra"]
[Source "ChessBase"]
[SourceDate "2023.05.31"]
[SourceVersion "1"]
[SourceVersionDate "2023.05.31"]
[SourceQuality "1"]

1. d4 d5 2. c4 e6 3. Nf3 Nf6 4. Nc3 Be7 5. cxd5 exd5 6. Bg5 c6 7. e3 Bf5 8. Bd3 Bxd3 9. Bxf6 Bxf6 10. Qxd3 Nd7 11. 0-0-0 Qe7 12. Rhe1 0-0-0 13. Na4 g6 14. Kb1 Qb4 15. Qc2 Rhe8 16. Rd3 Kb8 17. Rc1 Ka8 18. Rc3 Qd6 19. g3 Qe6 20. Nd2 Rc8 21. b4 a6 22. h4 Be7 23. a3 Ka7 24. Nb3 f5 25. Ka2 Nf6 26. Nac5 Bxc5 27. bxc5 Ne4 28. Rd3 Qe7 29. Na5 Qd8 30. Qa4 Nxf2 31. Rb3 Re7 32. Rcb1 Ka8 33. Nxb7 1-0

[Event "Budapest Vezerkepzo IM 03"]
[Site "Budapest"]
[Date "2023.03.21"]
[Round "7"]
[White "Krizsany, Laszlo"]
[Black "Otawa, Yuto"]
[Result "1-0"]
[WhiteElo "2347"]
[BlackElo "2160"]
[PlyCount "113"]
[EventDate "2023.03.16"]
[EventType "swiss"]
[EventRounds "10"]
[EventCountry "HUN"]
[SourceTitle "CBM 213 Extra"]
[Source "ChessBase"]
[SourceDate "2023.05.31"]
[SourceVersion "1"]
[SourceVersionDate "2023.05.31"]
[SourceQuality "1"]

1. d4 d5 2. c4 e6 3. Nc3 Be7 4. Nf3 Nf6 5. Bg5 h6 6. Bh4 0-0 7. e3 Ne4 8. Bxe7 Qxe7 9. Qc2 Nxc3 10. Qxc3 dxc4 11. Bxc4 b6 12. Rc1 Bb7 13. 0-0 Nd7 14. Rfd1 c5 15. Be2 Rfc8 16. Qa3 e5 17. dxe5 Nxe5 18. Nxe5 Qxe5 19. Rd2 Rd8 20. Rcd1 Rxd2 21. Rxd2 Bc6 22. h3 Qg5 23. Bf1 Qe5 24. Qa6 Qc7 25. Bc4 Rb8 26. a4 Kf8 27. Ba2 Qb7 28. Qd3 Kg8 29. Qc4 Bxg2 30. Qxf7+ Qxf7 31. Bxf7+ Kxf7 32. Kxg2 Ke6 33. Kf3 b5 34. axb5 Rxb5 35. h4 Rb4 36. e4 g6 37. Kf4 a5 38. f3 a4 39. Rg2 Kf6 40. Rc2 Ke6 41. Rxc5 Rxb2 42. Rc6+ Kf7 43. h5 gxh5 44. Rxh6 Rb5 45. Ra6 Rb4 46. Kf5 Rb5+ 47. e5 Rb4 48. e6+ Ke7 49. Ra7+ Kf8 50. f4 h4 51. Kg5 h3 52. f5 Kg8 53. Ra8+ Kg7 54. f6+ Kh7 55. f7 Rb5+ 56. Kf6 Rb2 57. Rh8+ 1-0

[Event "Budapest Vezerkepzo IM 03"]
[Site "Budapest"]
[Date "2023.03.21"]
[Round "6"]
[White "Pandey, Srishti"]
[Black "Otawa, Yuto"]
[Result "0-1"]
[WhiteElo "2156"]
[BlackElo "2160"]
[PlyCount "58"]
[EventDate "2023.03.16"]
[EventType "swiss"]
[EventRounds "10"]
[EventCountry "HUN"]
[SourceTitle "CBM 213 Extra"]
[Source "ChessBase"]
[SourceDate "2023.05.31"]
[SourceVersion "1"]
[SourceVersionDate "2023.05.31"]
[SourceQuality "1"]

1. d4 d5 2. c4 e6 3. Nf3 Nf6 4. Nc3 Be7 5. Bg5 h6 6. Bxf6 Bxf6 7. e3 0-0 8. Qd2 c6 9. 0-0-0 Nd7 10. h4 g6 11. h5 g5 12. Nh2 c5 13. cxd5 cxd4 14. exd4 Nb6 15. Bd3 exd5 16. Bc2 Bg7 17. f4 Re8 18. Nf3 Nc4 19. Qd3 gxf4 20. Rh4 Qd6 21. g3 fxg3 22. Nd2 Ne3 23. Qh7+ Kf8 24. Re1 Qf6 25. Rhh1 Bd7 26. Rhg1 Nxc2 27. Nxd5 Rxe1+ 28. Rxe1 Qxd4 29. Ne7 Nxe1 0-1

[Event "Budapest Vezerkepzo IM 03"]
[Site "Budapest"]
[Date "2023.03.19"]
[Round "4"]
[White "Szalay Ocsak, Bank"]
[Black "Otawa, Yuto"]
[Result "1/2-1/2"]
[WhiteElo "2133"]
[BlackElo "2160"]
[PlyCount "130"]
[EventDate "2023.03.16"]
[EventType "swiss"]
[EventRounds "10"]
[EventCountry "HUN"]
[SourceTitle "CBM 213 Extra"]
[Source "ChessBase"]
[SourceDate "2023.05.31"]
[SourceVersion "1"]
[SourceVersionDate "2023.05.31"]
[SourceQuality "1"]

1. e4 e5 2. Nf3 Nc6 3. Bc4 Bc5 4. c3 Nf6 5. d4 exd4 6. e5 d5 7. Bb5 Ne4 8. cxd4 Bb6 9. Nc3 0-0 10. Be3 Bg4 11. h3 Bh5 12. Qc2 Ba5 13. 0-0 Bxf3 14. gxf3 Ng5 15. Kg2 Bxc3 16. bxc3 Ne6 17. Qf5 Ne7 18. Qh5 Ng6 19. Kg3 f5 20. f4 Rc8 21. Bd3 Ne7 22. Rab1 b6 23. Ba6 Rb8 24. Kf3 c5 25. Rg1 Kh8 26. Qh4 Qc7 27. Rgc1 g5 28. Qh6 Ng6 29. Rg1 cxd4 30. cxd4 Qc2 31. Rbc1 Qe4+ 32. Kg3 gxf4+ 33. Kh2 Rg8 34. Bc8 fxe3 35. Bxe6 exf2 36. Rg3 Qe2 37. Rg2 f1Q 38. Rxf1 Qxf1 39. Bxg8 Qf4+ 40. Qxf4 Nxf4 41. Rf2 Nd3 42. Rf3 Kxg8 43. Rxd3 Rc8 44. Ra3 Rc7 45. Kg3 Kf7 46. h4 Ke6 47. Kf4 Rg7 48. Kf3 Rg4 49. Rxa7 Rxh4 50. Ra4 h5 51. Rb4 b5 52. a4 bxa4 53. Rxa4 Re4 54. Ra6+ Ke7 55. Ra7+ Ke6 56. Ra6+ Kf7 57. Rf6+ Ke7 58. Rxf5 Rxd4 59. Rxh5 Ke6 60. Ke3 Re4+ 61. Kd3 Rxe5 62. Rxe5+ Kxe5 63. Ke3 d4+ 64. Kd3 Kd5 65. Kd2 Ke4 1/2-1/2

[Event "Budapest Vezerkepzo IM 03"]
[Site "Budapest"]
[Date "2023.03.18"]
[Round "3"]
[White "Otawa, Yuto"]
[Black "Karamsetty, Jeevan"]
[Result "1-0"]
[WhiteElo "2160"]
[BlackElo "2206"]
[PlyCount "79"]
[EventDate "2023.03.16"]
[EventType "swiss"]
[EventRounds "10"]
[EventCountry "HUN"]
[SourceTitle "CBM 213 Extra"]
[Source "ChessBase"]
[SourceDate "2023.05.31"]
[SourceVersion "1"]
[SourceVersionDate "2023.05.31"]
[SourceQuality "1"]

1. d4 g6 2. c4 Bg7 3. e4 d6 4. Nc3 e5 5. Nge2 Nc6 6. Be3 f5 7. exf5 Bxf5 8. d5 Nce7 9. h3 Nf6 10. g4 Bd7 11. Ng3 Rf8 12. Bg2 c5 13. 0-0 Qc8 14. Rb1 a5 15. Qd2 Ra6 16. Bh6 Bxh6 17. Qxh6 Rf7 18. Qe3 h5 19. g5 Nh7 20. f4 Nf5 21. Nxf5 Bxf5 22. fxe5 Re7 23. e6 Bxb1 24. Rxb1 Kf8 25. Rf1+ Kg8 26. Ne4 Nf8 27. Nf6+ Kh8 28. Qc3 Nxe6 29. dxe6 Qxe6 30. Nd5+ Kh7 31. Nxe7 Qxe7 32. Qf6 Qe3+ 33. Kh1 Ra8 34. Qf7+ Kh8 35. Qxg6 Qe7 36. Qxh5+ Qh7 37. Qxh7+ Kxh7 38. Bxb7 Rb8 39. Be4+ Kg7 40. b3 1-0

[Event "Budapest FS03 IM"]
[Site "Budapest"]
[Date "2023.03.14"]
[Round "9"]
[White "Karamsetty, Jeevan"]
[Black "Otawa, Yuto"]
[Result "1-0"]
[WhiteElo "2206"]
[BlackElo "2160"]
[PlyCount "61"]
[EventDate "2023.03.04"]
[EventType "tourn"]
[EventRounds "9"]
[EventCountry "HUN"]
[EventCategory "1"]
[SourceTitle "CBM 213 Extra"]
[Source "ChessBase"]
[SourceDate "2023.05.31"]
[SourceVersion "1"]
[SourceVersionDate "2023.05.31"]
[SourceQuality "1"]

1. e4 e5 2. Nf3 Nc6 3. Bc4 Bc5 4. c3 Nf6 5. d4 exd4 6. e5 d5 7. Bb5 Ne4 8. cxd4 Bb6 9. Nc3 0-0 10. Be3 Bg4 11. h3 Bf5 12. 0-0 Ne7 13. Bd3 Nxc3 14. bxc3 Bxd3 15. Qxd3 Qd7 16. Rae1 c6 17. Nh4 f6 18. f4 f5 19. Kh2 Qe6 20. g4 g6 21. Rg1 Kf7 22. a4 Ke8 23. Bc1 Kd7 24. Ref1 Rg8 25. Ba3 Bc7 26. Nf3 h6 27. Bxe7 Kxe7 28. Nh4 fxg4 29. Rxg4 Kd7 30. Nxg6 Qf7 31. f5 1-0

[Event "Budapest FS04 IM"]
[Site "Budapest"]
[Date "2022.04.11"]
[Round "8"]
[White "Otawa, Yuto"]
[Black "Papp, Gellert"]
[Result "1-0"]
[WhiteElo "2106"]
[BlackElo "2272"]
[PlyCount "63"]
[EventDate "2022.04.02"]
[EventType "tourn"]
[EventRounds "9"]
[EventCountry "HUN"]
[EventCategory "1"]
[SourceTitle "CBM 207 Extra"]
[Source "ChessBase"]
[SourceDate "2022.05.31"]
[SourceVersion "1"]
[SourceVersionDate "2022.05.31"]
[SourceQuality "1"]

1. d4 d5 2. c4 c6 3. cxd5 cxd5 4. Bf4 Nc6 5. e3 Nf6 6. Nc3 Bd7 7. Bd3 e6 8. h3 Be7 9. Nf3 0-0 10. 0-0 Rc8 11. Qe2 Nb4 12. Bb1 Ne8 13. a3 Nc6 14. e4 dxe4 15. Bxe4 Nf6 16. Bc2 Na5 17. Ne5 Be8 18. Rfd1 b5 19. Rac1 a6 20. Rd3 Nc4 21. Nxc4 bxc4 22. Rg3 Qxd4 23. Be5 Qh4 24. Ne4 Bc6 25. Qe3 Kh8 26. Bxf6 gxf6 27. Rg4 Qh5 28. Ng3 Qe5 29. Qh6 f5 30. Rxc4 Bd5 31. Bxf5 exf5 32. Rxc8 1-0

[Event "Budapest FS04 IM"]
[Site "Budapest"]
[Date "2022.04.05"]
[Round "4"]
[White "Bogdanov, Egor"]
[Black "Otawa, Yuto"]
[Result "1-0"]
[WhiteElo "2426"]
[BlackElo "2106"]
[PlyCount "63"]
[EventDate "2022.04.02"]
[EventType "tourn"]
[EventRounds "9"]
[EventCountry "HUN"]
[EventCategory "1"]
[SourceTitle "CBM 207 Extra"]
[Source "ChessBase"]
[SourceDate "2022.05.31"]
[SourceVersion "1"]
[SourceVersionDate "2022.05.31"]
[SourceQuality "1"]

1. e4 e6 2. d4 d5 3. Nc3 Bb4 4. e5 c5 5. a3 Bxc3+ 6. bxc3 Ne7 7. h4 Qc7 8. Rh3 Nbc6 9. h5 h6 10. Qg4 Rg8 11. Bd3 cxd4 12. cxd4 Nxe5 13. dxe5 Qxe5+ 14. Ne2 Qxa1 15. Bb5+ Bd7 16. Qa4 Nc6 17. Rc3 Rc8 18. Kd2 a6 19. Bxc6 Rxc6 20. Qf4 Ke7 21. Qb4+ Rd6 22. Nd4 Rc8 23. Re3 g6 24. hxg6 fxg6 25. Nxe6 Bxe6 26. Qxb7+ Kf8 27. Bb2 Qf1 28. Qg7+ Ke8 29. Qxg6+ Kd7 30. Qg7+ Kc6 31. Rc3+ Kb5 32. Qb7+ 1-0

[Event "Budapest FS04 IM"]
[Site "Budapest"]
[Date "2022.04.02"]
[Round "1"]
[White "Otawa, Yuto"]
[Black "Bodi, Tibor"]
[Result "0-1"]
[WhiteElo "2106"]
[BlackElo "2289"]
[PlyCount "89"]
[EventDate "2022.04.02"]
[EventType "tourn"]
[EventRounds "9"]
[EventCountry "HUN"]
[EventCategory "1"]
[SourceTitle "CBM 207 Extra"]
[Source "ChessBase"]
[SourceDate "2022.05.31"]
[SourceVersion "1"]
[SourceVersionDate "2022.05.31"]
[SourceQuality "1"]

1. d4 Nf6 2. c4 e6 3. Nc3 Bb4 4. Qc2 c5 5. dxc5 Na6 6. a3 Bxc5 7. Nf3 0-0 8. b4 Be7 9. e3 b6 10. Be2 Bb7 11. 0-0 Nc7 12. Bb2 a5 13. Qb3 Na6 14. Na2 Ne4 15. Rad1 axb4 16. axb4 Nac5 17. bxc5 Nxc5 18. Qc3 Bf6 19. Qb4 Rxa2 20. Bxf6 gxf6 21. Rd2 Ra6 22. Nd4 f5 23. Bf3 Ra4 24. Qc3 Be4 25. Bd1 Ra6 26. f3 Ba8 27. Nb5 Qg5 28. Be2 Qg7 29. Qxg7+ Kxg7 30. Rb1 Bc6 31. Nd4 Ba8 32. Kf2 Kf6 33. Rdb2 Rb8 34. Nb3 d6 35. Nxc5 dxc5 36. Rb5 Bc6 37. R5b2 Ke7 38. Rd2 Be8 39. Bf1 Rd8 40. Rdb2 Rd6 41. Ke2 Kd7 42. Kf2 Kc7 43. Be2 Bd7 44. Rc1 Ra3 45. Rb3 0-1

[Event "Budapest Vezerkepzo IM 03"]
[Site "Budapest"]
[Date "2022.03.23"]
[Round "6"]
[White "Srinath, Rao SV"]
[Black "Otawa, Yuto"]
[Result "1-0"]
[WhiteElo "2340"]
[BlackElo "2120"]
[PlyCount "83"]
[EventDate "2022.03.17"]
[EventType "tourn"]
[EventRounds "9"]
[EventCountry "HUN"]
[SourceTitle "CBM 207 Extra"]
[Source "ChessBase"]
[SourceDate "2022.05.31"]
[SourceVersion "1"]
[SourceVersionDate "2022.05.31"]
[SourceQuality "1"]

1. Nf3 d5 2. g3 c6 3. Bg2 Bg4 4. 0-0 e6 5. d3 Bd6 6. e4 Ne7 7. h3 Bh5 8. Qe1 Nd7 9. Nbd2 0-0 10. Nh4 Ng6 11. Nxg6 Bxg6 12. f4 f6 13. Nb3 Qc7 14. a4 Nc5 15. Nxc5 Bxc5+ 16. Kh1 dxe4 17. Bxe4 Bxe4+ 18. Qxe4 Qd6 19. Bd2 a5 20. Rae1 Rfe8 21. Re2 Qd5 22. Rfe1 Qxe4+ 23. Rxe4 Kf7 24. Kg2 Re7 25. Kf3 Bd6 26. g4 b6 27. R4e2 b5 28. Ra1 Rb7 29. axb5 Rxb5 30. b3 h5 31. g5 Rf5 32. g6+ Ke7 33. Rae1 e5 34. d4 a4 35. c4 axb3 36. Ke4 b2 37. Kxf5 Ra1 38. fxe5 fxe5 39. dxe5 Ba3 40. Bg5+ Ke8 41. Rd2 Be7 42. Rdd1 1-0

[Event "Budapest Vezerkepzo IM 03"]
[Site "Budapest"]
[Date "2022.03.21"]
[Round "4"]
[White "Karthik, Rajaa"]
[Black "Otawa, Yuto"]
[Result "1-0"]
[WhiteElo "2257"]
[BlackElo "2120"]
[PlyCount "101"]
[EventDate "2022.03.17"]
[EventType "tourn"]
[EventRounds "9"]
[EventCountry "HUN"]
[SourceTitle "CBM 207 Extra"]
[Source "ChessBase"]
[SourceDate "2022.05.31"]
[SourceVersion "1"]
[SourceVersionDate "2022.05.31"]
[SourceQuality "1"]

1. Nf3 d5 2. c4 e6 3. b3 Nf6 4. g3 Be7 5. Bg2 c5 6. 0-0 d4 7. e3 Nc6 8. exd4 cxd4 9. d3 0-0 10. Re1 Ne8 11. a3 a5 12. Ne5 Nxe5 13. Rxe5 f6 14. Re1 Nc7 15. f4 Rb8 16. Nd2 b5 17. Qc2 Bb7 18. Ne4 h6 19. Bd2 a4 20. Ba5 Qd7 21. b4 f5 22. Bxc7 Qxc7 23. Nd2 Bxg2 24. Kxg2 Qc6+ 25. Kf2 Bf6 26. Rac1 Rfc8 27. Qa2 Qd7 28. cxb5 Rxc1 29. Rxc1 Rxb5 30. Qc4 Kf7 31. Qc6 Ke7 32. Qxd7+ Kxd7 33. Nc4 e5 34. fxe5 Bxe5 35. Nb2 Rb8 36. Nxa4 Kd6 37. Nb2 Bf6 38. Rc5 Ke6 39. Nc4 Be7 40. Re5+ Kf6 41. Rd5 Rd8 42. Rxd8 Bxd8 43. a4 Ke6 44. a5 Kd5 45. b5 Kc5 46. a6 Bb6 47. Nxb6 Kxb6 48. Kf3 g5 49. g4 f4 50. Ke4 Ka7 51. Kxd4 1-0

[Event "Online Olym Div3 A"]
[Site "Chess.com INT"]
[Date "2021.08.27"]
[Round "3.5"]
[White "Picken, Oliver"]
[Black "Otawa, Yuto"]
[Result "1/2-1/2"]
[WhiteElo "1767"]
[BlackElo "2125"]
[PlyCount "138"]
[EventDate "2021.08.27"]
[EventType "team-tourn (rapid)"]
[EventRounds "9"]
[EventCountry "USA"]
[SourceTitle "CBM 204 Extra"]
[Source "ChessBase"]
[SourceDate "2021.11.30"]
[SourceVersion "1"]
[SourceVersionDate "2021.11.30"]
[SourceQuality "1"]
[WhiteTeam "New Zealand"]
[BlackTeam "Japan"]
[WhiteTeamCountry "NZL"]
[BlackTeamCountry "JPN"]

1. e4 e5 2. Nf3 Nc6 3. Bc4 Bc5 4. c3 a6 5. d4 exd4 6. cxd4 Bb4+ 7. Nc3 Nge7 8. Ng5 d5 9. exd5 Bxc3+ 10. bxc3 Nxd5 11. 0-0 Be6 12. Re1 0-0 13. Qh5 Nf6 14. Nxe6 Nxh5 15. Nxd8 Raxd8 16. Ba3 Rfe8 17. Kf1 b5 18. Rxe8+ Rxe8 19. Bd5 Nd8 20. Re1 Rxe1+ 21. Kxe1 Nf4 22. Be4 g6 23. g3 Nfe6 24. Be7 f5 25. Bd5 c6 26. Bb3 Kg7 27. d5 cxd5 28. Bxd5 Nc7 29. Bf3 Nde6 30. Bb7 Kf7 31. Bd6 Ke8 32. Bc6+ Kf7 33. Kd2 Ne8 34. Be5 Nf6 35. f3 Nc5 36. Bd4 Ne6 37. Bb6 Ng5 38. h4 Ne6 39. Kc2 Ke7 40. Kb3 Kd6 41. Ba8 Nd7 42. Bg1 Nc7 43. Bb7 Ne6 44. Kb4 Nc7 45. Ka5 Nb8 46. g4 f4 47. Bh2 Ke5 48. Kb6 Nd5+ 49. Bxd5 Kxd5 50. Bxf4 Nd7+ 51. Kxa6 Kc4 52. Bd6 Nf6 53. Bb4 Nd5 54. Ka5 Nf4 55. a4 bxa4 56. Kxa4 Ng2 57. h5 gxh5 58. gxh5 h6 59. Bf8 Nf4 60. Bxh6 Nxh5 61. Bd2 Kd3 62. Kb5 Kxd2 63. c4 Nf6 64. c5 Ke3 65. Kc6 Kxf3 66. Kc7 Ke4 67. c6 Kd5 68. Kb7 Ne8 69. c7 Nxc7 1/2-1/2

[Event "JPN-ch"]
[Site "Tokyo"]
[Date "2020.11.02"]
[Round "6"]
[White "Otawa, Yuto"]
[Black "Manabe, Hiroshi"]
[Result "1-0"]
[WhiteElo "2130"]
[BlackElo "2039"]
[PlyCount "59"]
[EventDate "2020.10.31"]
[EventType "swiss"]
[EventRounds "7"]
[EventCountry "JPN"]
[SourceTitle "CBM 199 Extra"]
[Source "ChessBase"]
[SourceDate "2021.01.31"]
[SourceVersion "1"]
[SourceVersionDate "2021.01.31"]
[SourceQuality "1"]

1. d4 e6 2. c4 d5 3. Nc3 Nf6 4. cxd5 Nxd5 5. e4 Nxc3 6. bxc3 c5 7. Nf3 cxd4 8. cxd4 Bb4+ 9. Bd2 Bxd2+ 10. Qxd2 0-0 11. Bc4 Nc6 12. 0-0 b6 13. Rad1 Bb7 14. Rfe1 Na5 15. Bd3 Qe7 16. Qf4 Rfd8 17. d5 h6 18. Bf1 exd5 19. exd5 Qf6 20. Qxf6 gxf6 21. d6 Rd7 22. Nh4 Bc6 23. Nf5 Kh7 24. Rd4 Nb7 25. Ne7 Na5 26. Bd3+ Kh8 27. Rh4 Rad8 28. Rxh6+ Kg7 29. Nf5+ Kg8 30. Re3 1-0

[Event "Asia Nations online Cup"]
[Site "Chess.com INT"]
[Date "2020.10.18"]
[Round "7.6"]
[White "Otawa, Yuto"]
[Black "Reefat, Bin Sattar"]
[Result "0-1"]
[WhiteElo "2130"]
[BlackElo "2409"]
[PlyCount "106"]
[EventDate "2020.10.10"]
[EventType "team-swiss (rapid)"]
[EventRounds "9"]
[EventCountry "IND"]
[SourceTitle "CBM 198 Extra"]
[Source "ChessBase"]
[SourceDate "2020.11.30"]
[SourceVersion "1"]
[SourceVersionDate "2020.11.30"]
[SourceQuality "1"]
[WhiteTeam "Japan"]
[BlackTeam "Bangladesh"]
[WhiteTeamCountry "JPN"]
[BlackTeamCountry "BAN"]

1. d4 e6 2. c4 b6 3. e4 Bb7 4. Bd3 Bb4+ 5. Bd2 Bxd2+ 6. Qxd2 f5 7. Nc3 fxe4 8. Bxe4 Bxe4 9. Nxe4 Nf6 10. Qe2 0-0 11. Nf3 Nc6 12. 0-0 Ne7 13. Rad1 Ng6 14. g3 Qe7 15. Ne5 Qe8 16. Nc3 Ne7 17. f4 Nf5 18. Nf3 h6 19. Rfe1 Qh5 20. Ne5 Qxe2 21. Rxe2 Rfe8 22. Nf3 a6 23. b3 Rab8 24. a4 c5 25. Ne4 Nxe4 26. Rxe4 Re7 27. Kg2 Rf7 28. Ne5 Re7 29. Nf3 Rb7 30. d5 exd5 31. Rxe7 Nxe7 32. cxd5 d6 33. Rd3 b5 34. Nd2 c4 35. bxc4 bxa4 36. Kf3 Rb4 37. g4 Kf7 38. Ke4 Ng8 39. Kd4 Nf6 40. h3 a5 41. Re3 Rb2 42. Kc3 a3 43. Re1 Nd7 44. Ra1 Nb6 45. Ne4 Na4+ 46. Kd3 a2 47. Nxd6+ Ke7 48. Nb5 Rh2 49. Nc3 Rxh3+ 50. Kd4 Nxc3 51. c5 Kd7 52. Ke5 Rd3 53. d6 Rd5# 0-1

[Event "Asia Nations online Cup"]
[Site "Chess.com INT"]
[Date "2020.10.18"]
[Round "9.9"]
[White "Otawa, Yuto"]
[Black "Sulaiman, Ahmad Ashrafi"]
[Result "1-0"]
[WhiteElo "2130"]
[BlackElo "1953"]
[PlyCount "45"]
[EventDate "2020.10.10"]
[EventType "team-swiss (rapid)"]
[EventRounds "9"]
[EventCountry "IND"]
[SourceTitle "CBM 198 Extra"]
[Source "ChessBase"]
[SourceDate "2020.11.30"]
[SourceVersion "1"]
[SourceVersionDate "2020.11.30"]
[SourceQuality "1"]
[WhiteTeam "Japan"]
[BlackTeam "Afghanistan"]
[WhiteTeamCountry "JPN"]
[BlackTeamCountry "AFG"]

1. d4 d5 2. c4 e6 3. Nc3 c6 4. e3 Nf6 5. Nf3 Nbd7 6. Bd3 dxc4 7. Bxc4 b5 8. Bd3 a6 9. e4 Be7 10. e5 Nd5 11. Nxd5 cxd5 12. h4 Qc7 13. Ng5 Bxg5 14. hxg5 g6 15. Bd2 Nb8 16. Rc1 Nc6 17. Qg4 Bb7 18. Bb4 Qb6 19. Bc5 Qa5+ 20. Kf1 Qxa2 21. Bxg6 Qxb2 22. Qxe6+ Kd8 23. Bb6# 1-0

[Event "Asia Nations online Cup"]
[Site "Chess.com INT"]
[Date "2020.10.16"]
[Round "6.8"]
[White "Orio, Rogelio L"]
[Black "Otawa, Yuto"]
[Result "0-1"]
[WhiteElo "1753"]
[BlackElo "2130"]
[PlyCount "58"]
[EventDate "2020.10.10"]
[EventType "team-swiss (rapid)"]
[EventRounds "9"]
[EventCountry "IND"]
[SourceTitle "CBM 198 Extra"]
[Source "ChessBase"]
[SourceDate "2020.11.30"]
[SourceVersion "1"]
[SourceVersionDate "2020.11.30"]
[SourceQuality "1"]
[WhiteTeam "Guam"]
[BlackTeam "Japan"]
[WhiteTeamCountry "GMA"]
[BlackTeamCountry "JPN"]

1. d4 d5 2. e4 e6 3. Nc3 Bb4 4. e5 c5 5. a3 Bxc3+ 6. bxc3 Ne7 7. Nf3 Nbc6 8. Bg5 h6 9. Bh4 Qa5 10. Qd2 Nf5 11. g4 Nxh4 12. Nxh4 cxd4 13. cxd4 Qxd2+ 14. Kxd2 Nxd4 15. Kc3 Nc6 16. f4 g5 17. fxg5 Nxe5 18. Bb5+ Bd7 19. Bxd7+ Kxd7 20. Kd4 hxg5 21. Kxe5 Rxh4 22. h3 Ke7 23. Raf1 Rc8 24. Rf3 Rc4 25. Re1 Rh6 26. h4 f6+ 27. Rxf6 Rxf6 28. hxg5 Rg6 29. Rf1 Re4# 0-1

[Event "Asia Nations online Cup"]
[Site "Chess.com INT"]
[Date "2020.10.10"]
[Round "2.3"]
[White "Gholami, Aryan"]
[Black "Otawa, Yuto"]
[Result "1-0"]
[WhiteElo "2507"]
[BlackElo "2130"]
[PlyCount "65"]
[EventDate "2020.10.10"]
[EventType "team-swiss (rapid)"]
[EventRounds "9"]
[EventCountry "IND"]
[SourceTitle "CBM 198 Extra"]
[Source "ChessBase"]
[SourceDate "2020.11.30"]
[SourceVersion "1"]
[SourceVersionDate "2020.11.30"]
[SourceQuality "1"]
[WhiteTeam "Iran"]
[BlackTeam "Japan"]
[WhiteTeamCountry "IRI"]
[BlackTeamCountry "JPN"]

1. Nf3 d5 2. d4 e6 3. Bf4 Nf6 4. e3 c5 5. Nbd2 Nc6 6. c3 Bd6 7. Bg3 0-0 8. Bb5 Ne7 9. Bd3 b6 10. e4 dxe4 11. Nxe4 Bxg3 12. Nxf6+ gxf6 13. hxg3 Ng6 14. Qd2 Re8 15. Qh6 e5 16. Qxh7+ Kf8 17. Qh6+ Kg8 18. Bxg6 exd4+ 19. Kf1 Ba6+ 20. Kg1 fxg6 21. Qxg6+ Kf8 22. Rh8+ Ke7 23. Re1+ Kd7 24. Rexe8 Qxe8 25. Rxe8 Rxe8 26. cxd4 cxd4 27. Qf7+ Re7 28. Qd5+ Ke8 29. Nxd4 Re1+ 30. Kh2 Re5 31. Qa8+ Kf7 32. Qxa7+ Kg6 33. Qxa6 1-0